Insurance snub for contractors (Record no. 69134)
[ view plain ]
| 000 -LEADER | |
|---|---|
| fixed length control field | 00847cam a2200193 4500 |
| 001 - CONTROL NUMBER | |
| control field | WB3801-35 |
| 008 - FIXED-LENGTH DATA ELEMENTS--GENERAL INFORMATION | |
| fixed length control field | 011218n2001 000 0 eng u |
| 035 ## - SYSTEM CONTROL NUMBER | |
| System control number | (Sirsi) u116037 |
| 245 ## - TITLE STATEMENT | |
| Title | Insurance snub for contractors |
| 260 ## - PUBLICATION, DISTRIBUTION, ETC. | |
| Date of publication, distribution, etc. | 2001 |
| 490 ## - SERIES STATEMENT | |
| Series statement | Construction News |
| Volume/sequential designation | (6746) 13 December 2001, 1-2(1) |
| 520 ## - SUMMARY, ETC. | |
| Summary, etc. | The construction industry has been dealt a blow after reports that insurance costs will dramatically rise, or in the worst possible scenario, insurance will not be available. Problems within the insurance sector and the economic downturn following the New York bombing is reportedly responsible for this U-turn, as well as the industry's poor health and safety record. |
| 590 ## - LOCAL NOTE (RLIN) | |
| Local note | WB |
| 650 ## - SUBJECT ADDED ENTRY--TOPICAL TERM | |
| Topical term or geographic name entry element | PREMIUMS |
| 650 ## - SUBJECT ADDED ENTRY--TOPICAL TERM | |
| Topical term or geographic name entry element | CONSTRUCTION INSURANCE |
| 650 ## - SUBJECT ADDED ENTRY--TOPICAL TERM | |
| Topical term or geographic name entry element | RISK MANAGEMENT |
| 690 ## - LOCAL SUBJECT ADDED ENTRY--TOPICAL TERM (OCLC, RLIN) | |
| Topical term or geographic name as entry element | Insurance |
| 9 (RLIN) | 6249 |
| 942 ## - ADDED ENTRY ELEMENTS (KOHA) | |
| Suppress in OPAC | 0 |
| Withdrawn status | Lost status | Source of classification or shelving scheme | Damaged status | Not for loan | Home library | Current library | Shelving location | Date acquired | Total Checkouts | Full call number | Barcode | Date last seen | Copy number | Price effective from | Koha item type |
|---|---|---|---|---|---|---|---|---|---|---|---|---|---|---|---|
| Dewey Decimal Classification | London | London | News article | 18/12/2001 | WB3801-35 | 116037-1001 | 06/08/2019 | 1 | 06/08/2019 | News article |